000 00549nam a2200217Ia 4500
005 20260429112155.0
008 260429s9999||||xx |||||||||||||| ||und||
020 _a9781529621631
041 _aEnglish
082 _a378.007
_bBAR
100 _aBartlett, Steve
245 0 _aIntroduction to education studies /
_cSteve Bartlett
250 _a6th ed.
260 _aLondon :
_bSage,
_c2024.
300 _axvi, 440 p.; pbk
650 _a Historical
650 _a Political
650 _aEducation
700 _a Burton, Diana
942 _cTB
999 _c52726
_d52726